| 000 | 01248nam a2200265Ia 4500 | ||
|---|---|---|---|
| 999 |
_c53866 _d53866 |
||
| 001 | 20917 | ||
| 003 | GE_BSU | ||
| 005 | 20221219112737.0 | ||
| 008 | 181216s2017||||ge |||||||||||||| ||geo|| | ||
| 020 | _a9789941934902 | ||
| 040 | _cGE_BSU | ||
| 041 | _ageo | ||
| 080 | _a159.97+616 რ–60 | ||
| 100 |
_aრიმანი, ფრიც _916210 |
||
| 245 |
_aშიშის ძირითადი ფორმები / _cფრიც რიმანი; გერმ. თარგმნა ნანა გოგოლაშვილმა ; მთ. რედ. მზია რაზმაძე. |
||
| 264 |
_aთბილისი : _b წიგნი+ერი, _c2017. |
||
| 300 |
_a322 გვ.; _b23 სმ. |
||
| 653 | _aმედიცინა. | ||
| 653 | _aფობიები. შიში. ფსიქოანალიზი. შიზოფრენია. დეპრესია. | ||
| 653 | _aფსიქოლოგია | ||
| 653 | _aშიშის ძირითადი ფორმები | ||
| 700 |
_aგოგოლაშვილი, ნანა _eმთარგმნელი _916467 |
||
| 700 |
_aრაზმაძე, მზია _eრედაქტორი _916217 |
||
| 942 |
_cBK _2udc |
||